Statistics for Groups of Movies #2

Click here to take the quiz!

General Stats

  • This quiz has been taken 137 times
    (37 since last reset)
  • The average score is 65 of 102

Answer Stats

GroupAnswer% Correct
BatmanBatman
100%
Home AloneHome Alone
100%
BatmanThe Batman
100%
BatmanBatman: The Movie
97%
TerminatorThe Terminator
97%
Toy StoryToy Story
97%
Toy StoryToy Story 2
97%
Toy StoryToy Story 3
97%
Toy StoryToy Story 4
97%
X-MenX-Men
97%
Jurassic ParkJurassic Park
94%
ShrekShrek
94%
ShrekShrek 2
94%
Despicable MeDespicable Me
91%
Mission: ImpossibleMission: Impossible
91%
RamboRambo
91%
RamboRambo III
91%
ShrekShrek the Third
91%
BatmanThe Dark Knight
91%
The Karate KidThe Karate Kid
91%
The Lego MovieThe Lego Movie
91%
WolverineX-Men Origins: Wolverine
91%
Jurassic ParkJurassic World
88%
WolverineThe Wolverine
88%
Back to the FutureBack to the Future
85%
Back to the FutureBack to the Future Part II
85%
Back to the FutureBack to the Future Part III
85%
BatmanBatman Begins
85%
Despicable MeDespicable Me 2
85%
Despicable MeMinions
85%
BatmanBatman Returns
82%
The Santa ClauseThe Santa Clause
82%
BatmanBatman and Robin
79%
Captain AmericaCivil War
79%
Despicable MeDespicable Me 3
79%
BatmanThe Dark Knight Rises
79%
The Karate KidThe Karate Kid Part III
79%
The Santa ClauseThe Santa Clause 2
79%
BatmanBatman v Superman: Dawn of Justice
76%
Mission: ImpossibleMission: Impossible II
76%
Captain AmericaThe First Avenger
76%
The Karate KidThe Karate Kid Part II
76%
Captain AmericaThe Winter Soldier
76%
Beverly Hills CopBeverly Hills Cop
73%
Home AloneLost in New York
73%
Mission: ImpossibleMission: Impossible III
73%
BatmanBatman Forever
70%
RamboFirst Blood Part 2
70%
Home AloneHome Alone 3
70%
Stuart LittleStuart Little
70%
Lord of the RingsThe Fellowship of the Ring
70%
Lord of the RingsThe Return of the King
70%
Lord of the RingsThe Two Towers
70%
Beverly Hills CopBeverly Hills Cop Part II
67%
Jurassic ParkJurassic Park III
67%
Stuart LittleStuart Little 2
67%
Home AloneTaking Back the House
67%
The Lego MovieThe Lego Batman Movie
67%
The Lego MovieThe Second Part
67%
RamboFirst Blood
64%
WolverineLogan
64%
Beverly Hills CopBeverly Hills Cop Part III
61%
TerminatorJudgement Day
61%
X-MenApocalypse
55%
X-MenDark Phoenix
55%
X-MenDays of Future Past
55%
Jurassic ParkDominion
55%
ShrekForever After
55%
Toy StoryLightyear
55%
ShrekPuss in Boots
55%
Jurassic ParkThe Lost World
55%
Despicable MeThe Rise of Gru
55%
X-MenFirst Class
52%
X-MenThe Last Stand
45%
X-MenX-Men United
45%
The Incredible JourneyThe Incredible Journey
42%
TerminatorGenisys
39%
MonsterVerseGodzilla
39%
MonsterVerseGodzilla V.S. Kong
39%
Jurassic ParkFallen Kingdom
36%
MonsterVerseSkull Island
36%
Mission: ImpossibleGhost Protocol
33%
The Lego MovieThe Lego Ninjago Movie
33%
TerminatorDark Fate
30%
TerminatorRise of the Machines
30%
TerminatorSalvation
30%
X-MenThe New Mutants
30%
Mission: ImpossibleFallout
27%
Mission: ImpossibleRogue Nation
27%
ShrekThe Last Wish
27%
MonsterVerseKing of the Monsters
24%
RamboLast Blood
24%
Mission: ImpossibleDead Reckoning
21%
The Karate KidThe Next Karate Kid
21%
The Santa ClauseThe Escape Clause
18%
Home AloneHome Sweet Home Alone
15%
The Incredible JourneyHomeward Bound
15%
Stuart LittleCall of the Wild
12%
Home AloneThe Holiday Heist
12%
Beverly Hills CopAxel Foley
9%
The Incredible JourneyLost in San Francisco
6%

Score Distribution

Percentile by Number Answered

Percent of People with Each Score

Your Score History

You have not taken this quiz since the last reset